US Brand Logos - Sudden Death - Statistics

General Stats
  • This quiz has been taken 4,611 times
    269 since last reset
  • The average score is 6 of 14
Answers on the Grid
Answers color-coded by a green-red scale on the quiz's grid according to % correct below.
 
Answer Stats
Answer % Correct
59%
58%
56%
53%
52%
51%
50%
50%
50%
48%
34%
29%
27%
24%
No matching quizzes found
Score Distribution
Percent of People with Each Score
Percentile by Number Answered
Your Score History
You have not taken this quiz since the last reset